000 00247nam a22001217a 4500
003 SGT
082 _a823.92
_bBAR
100 _aBARDUGO LEIGH
245 _aRAIN AND RISING
260 _aUK
_bHODDER PUB
_c2014
300 _a370
942 _2ddc
_cBK
999 _c33746
_d33746